| 000 | 00999nam a22002535i 4500 | ||
|---|---|---|---|
| 001 | 176980 | ||
| 003 | ES-MaACL | ||
| 005 | 20230906220226.0 | ||
| 008 | 110222s1962 sz abd |||| | spa d | ||
| 080 | _a27-72(87) | ||
| 080 | _a27-72(866) | ||
| 245 | 0 | 3 |
_aLa Iglesia en Venezuela y Ecuador _b: estructuras eclesiásticas / _cpor Isidoro Alonso ... [et al.]. |
| 260 |
_aFriburgo : _bOficina Internacional de Investigaciones Sociales de Feres, _c1962. |
||
| 300 |
_a201 p. , [2] h. pleg. : _bil. ; _c22 cm. |
||
| 490 | 1 |
_aEstudios socio-religiosos latino-americanos ; _v3 |
|
| 504 | _aBibliografía: p. 131. | ||
| 651 | 4 |
_aVenezuela- _xHistoria eclesiástica. _9145316 |
|
| 651 | 4 |
_aEcuador- _xHistoria eclesiástica. _9145317 |
|
| 700 | 1 |
_aAlonso, Isidoro. _920207 |
|
| 710 | 2 |
_aOficina Internacional de Investigaciones Sociales. _9172476 |
|
| 830 | 1 |
_aEstudios socio-religiosos latino-americanos ; _v3 _9183494 |
|
| 852 |
_aES-MaACL _jE-14402 _xOlim P-1014-bis |
||
| 999 |
_c176980 _d176980 |
||